Clickable Disney Pairs Part II Quiz Stats

 Plays Quiz not verified by Sporcle

Challenge
Share
Tweet
Score 0/20 Timer 06:00
0 Plays Today
% Correct
Snow White, Aurora
90.2%
Mulan, Little John
86.7%
Rapunzel, Snow White
86.2%
Lightning McQueen, Vanellope Von Schweetz
85.3%
Crush, Genie
83.4%
Lady Tremaine, Alice
83%
Queen Elinor, Perdita
82.4%
Kuzco, Tiana
82.2%
Captain Hook, Robin Hood
81%
Dopey, Cobra Bubbles
79.6%
% Correct
Tantor, Sarabi
79.5%
Cruella de Vil, Bill Sykes
76.7%
Lady, Mittens
76.3%
Aladdin, Princess Eilonwy
73.5%
Madame Medusa, Jessie
73.1%
Quasimodo, Koda
65.7%
Dr. Facilier, Clayton
65.3%
Judy Hopps, Megara
63.7%
Fauna, Stitch
63%
Timothy Mouse, Uncle Waldo
61%

You're not logged in!

Compare scores with friends on all Sporcle quizzes.
Join for Free
OR
Log In

You Might Also Like...

Show Comments

Extras

Top Quizzes Today


Score Distribution

Your Account Isn't Verified!

In order to create a playlist on Sporcle, you need to verify the email address you used during registration. Go to your Sporcle Settings to finish the process.

Report this User

Report this user for behavior that violates our Community Guidelines.

Details: